000 05032cam a22018374i 4500
003 PE-LiUPU
005 20250813165346.0
008 150608s2015 sp a r 000 0 spa d
017 _aMA 122-2015
_bOficina Depósito Legal Málaga
020 _a8416351430
020 _a9788416351435
035 _a(Sirsi) i9788416351435
040 _aBNM
_bspa
_erda
_cBNM
_dPE-LiUPU
080 _a614.27:331.45
082 0 4 _a613.62
_bG22
_220
100 1 _aGarcía Segura, Vicente,
_d1977- ,
_eautor.
245 1 0 _aPrevención de riesgos laborales básico :
_bsector farmacias /
_cVicente García Segura.
250 _a1a edición.
264 _aAntequera, Málaga
_bIC Editorial
_c2015
300 _a338 páginas
_bilustraciones
_c24 centímetros
336 _atext
_2rdacontent
337 _aunmediated
_2rdamedia
338 _avolume
_2rdacarrier
500 _aIncluye código QR para lectura de información adicional
504 _aBibliografía: páginas 337-338.
505 0 _aEl trabajo y la salud: los riesgos profecionales. Factores de riesgo -- Daños derivados del trabajo. Accidente de trabajo y enfermedades profesionales. Otras patologías derivadas del trabajo -- MArco normativo básico en materia de prevención de riesgos laborales. Derecho y deberes básicos en esta materia -- Riesgos ligados a las condiciones de seguridad -- Riesgos ligados al medio ambiente de trabajo -- La carga de trabajo, la fatiga y la insatisfacción laboral -- Sistemas elementales de control de riesgos. Protección colectiva e individual -- El plan de emergencia -- El control de l os trabajadores -- Componentes implicados en la prevención de riesgos laborales -- La gestión de la prevención de riesgos laborales en la empresa -- Documentación para la gestión de la prevención de riesgos -- Primeros auxilios -- Riesgos específicos y su prevención en farmacias.
526 _aP203
526 _aP200
526 _aSEG65
526 _aSEG64
526 _aSEG63
526 _aSEG62
526 _aSEG61
526 _aSEG60
526 _aSEG59
526 _aSEG58
526 _aSEG57
526 _aSEG56
526 _aSEG55
526 _aSEG54
526 _aSEG53
526 _aSEG52
526 _aSEG51
526 _aSEG50
526 _aSEG49
526 _aSEG48
526 _aSEG47
526 _aSEG46
526 _aSEG24
526 _aSEG23
526 _aSEG22
526 _aSEG21
526 _aSEG20
526 _aSEG19
526 _aSEG18
526 _aSEG17
526 _aSEG16
526 _aSEG14
526 _aSEG13
526 _aSEG12
526 _aSEG11
526 _aSEG10
526 _aSEG09
526 _aSEG06
526 _aSEG05
526 _aSEG04
526 _aSEG03
526 _aSEG02
526 _aSEG68
526 _aSEG66
526 _aSEG45
526 _aSEG25
526 _aSEG01
526 _aP163
526 _aP162
526 _aP161
526 _aP160
526 _aP159
526 _aP158
526 _aP157
526 _aP156
526 _aP155
526 _aP154
526 _aP153
526 _aP152
526 _aP151
526 _aP150
526 _aP149
526 _aP142
526 _aP141
526 _aP140
526 _aP139
526 _aP138
526 _aP137
526 _aP132
526 _aP131
526 _aP130
526 _aP126
526 _aP125
526 _aP124
526 _aP123
526 _aP115
526 _aP122
526 _aP121
526 _aP116
526 _a P114
526 _aP112
526 _aP111
526 _aP104
526 _aP103
526 _aP102
526 _aP101
526 _aP100
526 _aP96
526 _aP95
526 _aP93
526 _aP92
526 _aP91
526 _aP88
526 _aP83
526 _aP82
526 _aP79
526 _aP78
526 _aP75
526 _aP74
526 _aP71
526 _aP69
526 _a P51
526 _aP49
526 _aP48
526 _aP47
526 _aP33
526 _aP31
526 _a P30
526 _aP29
526 _aP27
526 _aP26
526 _aP25
526 _aP24
526 _a P22
526 _aP10
526 _aP09
526 _a P08
526 _aP06
526 _aP05
526 _aP04
526 _aP01
541 _g0020-0000646;
650 7 _aFarmacias
_xMedidas de seguridad
_2embne
910 _ajck
_bebj
_cebj
_d20160706
942 _2ddc
_cBOOK
949 _a613.62 C24
_wDEWEY
_c1
_i73842
_lCCODEBUL1
_mBUL
_p22.55
_r0
_sY
_tBOOK
_u2016-7-6
_xINGENIERIA
_PP24
_0COMPRA
_o.STAFF. Colección General
994 _aC0
_bPEPRU
596 _a1
999 _a613.62 C24
_wDEWEY
_c10413
_i73842
_d10413
_e2019-10-23
_f2021-11-4
_g7
_lCCODEBUL1
_mBUL
_n1
_p22.55
_r0
_sY
_tBOOK
_u2016-7-6
_xSALUD
_PP24
_0COMPRA
_o.STAFF. Colección General
980 _81
_gALBERTO SANCHEZ Responsable de Automatización